banner koha

Pruning management of mini-stumps for mass propagation of blueberry (Registro n. 299320)

MARC details
000 -LÍDER
fixed length control field 02773nab a2200301 i 4500
003 - CÓDIGO MARC DA AGÊNCIA CATALOGADORA
Campo de controle BR-BrBNA
005 - DATA E HORA DA ÚLTIMA ATUALIZAÇÃO
Campo de controle 20240424140734.0
008 - CAMPO DE TAMANHO FIXO
fixed length control field 240424b2021 bl.ar|pooa||| 00| 0 eng |
040 ## - FONTE DA CATALOGAÇÃO
Agência catalogadora BR-BrBNA
Idioma da catalogação eng
072 ## - CATEGORIA AGRIS
Código AGRIS F02
Código do objeto 0920
100 ## - ENTRADA PRINCIPAL - NOME PESSOAL
Nome pessoal Stuepp, Carlos André
100 ## - ENTRADA PRINCIPAL - NOME PESSOAL
Nome pessoal Amaral, Bruna Aparecida do
100 ## - ENTRADA PRINCIPAL - NOME PESSOAL
Nome pessoal Ayub, Ricardo Antonio
100 ## - ENTRADA PRINCIPAL - NOME PESSOAL
Nome pessoal Fragoso, Rosimeri de Oliveira
245 ## - TÍTULO PRINCIPAL
Título principal Pruning management of mini-stumps for mass propagation of blueberry
500 ## - NOTA GERAL
Nota geral Publicação on-line; 13 ref.; Summaries (En, Pt)
942 ## - ADDED ENTRY ELEMENTS (KOHA)
Koha item type
520 ## - NOTA DE RESUMO
Nota de conteúdo <br/><br/>Abstract – The objective of this work was to evaluate the influence of the pruning management of mini-stumps of the Climax blueberry cultivar, when weekly fertigated, on the productivity of the clonal mini-garden and on the rooting and root vigor of the mini-cuttings. The high survival of the ministumps (100%) and production of the mini-cuttings (182.9 mini-cuttings per square meter per month) evidence the high adaptability of the material to successive samplings and to the nutritional conditions provided to the clonal mini-garden, resulting in a high multiplication rate. The rooting percentages obtained at the different samplings remain stable, with a high average of rooted mini-cuttings, reaching 81.7%.<br/><br/><br/>Index terms: Vaccinium, clonal mini-garden, clonal seedling, mini-cuttings, root vigor, vegetative propagation.
520 ## - NOTA DE RESUMO
Nota de conteúdo <br/><br/>Resumo – O objetivo deste trabalho foi avaliar a influência do manejo de poda de minicepas da cultivar Climax de mirtilo, quando fertirrigadas semanalmente, sobre a produtividade do minijardim clonal e sobre o enraizamento e o vigor radicial das miniestacas. As elevadas sobrevivência das minicepas (100%) e produção de miniestacas (182,9 miniestacas por metro quadrado por mês) evidenciam a boa adaptação do material às coletas sucessivas e às condições nutricionais fornecidas ao minijardim clonal, o que resultou em alta taxa de multiplicação. Os percentuais de enraizamento obtidos nas diferentes coletas se mantêm estáveis, com média elevada de miniestacas enraizadas, que alcança 81,7%.<br/><br/><br/>Termos para indexação: Vaccinium, minijardim clonal, mudas clonais, miniestacas, vigor radicial, propagação vegetativa.
650 ## - ASSUNTO - THESAGRO
Cabeçalho tópico ou nome geográfico MIRTILO
650 ## - ASSUNTO - THESAGRO
Cabeçalho tópico ou nome geográfico MUDA
650 ## - ASSUNTO - THESAGRO
Cabeçalho tópico ou nome geográfico FERTIRRIGAÇÃO
650 ## - ASSUNTO - THESAGRO
Cabeçalho tópico ou nome geográfico ENRAIZAMENTO DE ESTACA
650 ## - ASSUNTO - THESAGRO
Cabeçalho tópico ou nome geográfico PROPAGAÇÃO VEGETATIVA
773 0# - ENTRADA ANALÍTICA
Host Biblionumber 920
Registro do item 25801
Imprenta Brasília-DF Empresa Brasileira de Pesquisa Agropecuária - EMBRAPA 1966-
Outro identificador 2023-436357
Título Pesquisa Agropecuária Brasileira (Brazil)
ISSN 0100-204X
Colação v. 56 p. 1-5; (2021)
Número de controle de registro BR2024000586
856 ## - ACESSO E ENDEREÇO ELETRÔNICO
Identificador uniforme de recurso - URI https://www.scielo.br/j/pab/a/gXfFjSfcmm8xxKdSLbz9nwr/?format=pdf&lang=en

Nenhum exemplar disponível.

BINAGRI

Telefone: (61)3218-2567/2388/3357/2097 - binagri@agro.gov.br

Ministério da Agricultura e Pecuária , Esplanada dos Ministérios, Bloco D, Anexo B, Brasília/DF, CEP: 70.043-900